La responsabilidad social de las empresas: una propuesta de modelo /
La responsabilidad social de las empresas es un ideal en ascenso irresistible pero al calor de los discursos en pro y en contra del ideal, o partes de él, se pierde de vista la necesidad de analizar las realidades subyacentes en los tres grandes niveles de acción y toma de decisiones: Estado, empre...
में बचाया:
| मुख्य लेखक: | |
|---|---|
| स्वरूप: | मूलपाठ |
| विषय: | |
| टैग: |
टैग जोड़ें
कोई टैग नहीं, इस रिकॉर्ड को टैग करने वाले पहले व्यक्ति बनें!
|
MARC
| LEADER | 00000 a a2200000 04500 | ||
|---|---|---|---|
| 001 | 16569 | ||
| 003 | |||
| 040 | |||
| 100 | |a Leal Carretero, Fernando | ||
| 245 | |a La responsabilidad social de las empresas: |b una propuesta de modelo / |c Fernando Leal Carretero | ||
| 520 | |a La responsabilidad social de las empresas es un ideal en ascenso irresistible |a pero al calor de los discursos en pro y en contra del ideal, o partes de él, se pierde de vista la necesidad de analizar las realidades subyacentes en los tres grandes niveles de acción y toma de decisiones: Estado, empresas y sociedad civil. En este artículo se propone un modelo que permita comprender (clasificar y ordenar) las fuerzas sociales en juego. El fin que persigue es separar y distinguir lo que se dice de lo que se hace, así como preparar el terreno para estudias cuantitativos ulteriores | ||
| 650 | |a RESPONSABILIDAD SOCIAL EMPRESARIAL | ||
| 650 | |a TEORIA | ||
| 650 | |a EMPRESAS | ||
| 650 | |a SOCIEDAD CIVIL | ||
| 650 | |a ESTADO | ||
| 773 | |g volumen 69, número 3; páginas 485-516 | ||
| 999 | |c 27124 |d 27124 | ||
